Countries Which View the U.S. Most Positively - Statistics

General Stats
  • This quiz has been taken 90 times
  • The average score is 5 of 10
Answer Stats
% Country % Correct
70 Japan
85%
77 South Korea
78%
77 Israel
73%
74 Philippines
57%
86 Poland
51%
77 Thailand
42%
72 Colombia
33%
72 Nigeria
33%
78 Ghana
19%
78 Kenya
18%
No matching quizzes found
Score Distribution
Percent of People with Each Score
Percentile by Number Answered
Your Score History
You have not taken this quiz